NBA 2nd Overall Draft Picks - Statistics

General Stats
  • This quiz has been taken 40 times
    21 since last reset
  • The average score is 14 of 45
Answer Stats
Hint Answer College % Correct
2019 Ja Morant Murray State
89%
2024 Alex Sarr France
84%
2023 Brandon Miller Alabama
79%
2022 Chet Holmgren Gonzaga
79%
2020 James Wiseman Memphis
79%
2017 Lonzo Ball UCLA
79%
2021 Jalen Green G-League Ignite
74%
2007 Kevin Durant Texas
63%
2016 Brandon Ingram Duke
53%
2015 D'Angelo Russell Ohio State
53%
2018 Marvin Bagley III Duke
47%
2011 Derrick Williams Arizona
42%
2002 Jay Williams Duke
42%
2005 Marvin Williams UNC
42%
2003 Darko Miličić Serbia
37%
2014 Jabari Parker Duke
37%
1994 Jason Kidd California
37%
1984 Sam Bowie Kentucky
37%
2012 Michael Kidd-Gilchrist Kentucky
32%
2013 Victor Oladipo Indiana
32%
2004 Emeka Okafor UConn
26%
1986 Len Bias Maryland
26%
1990 Gary Payton Oregon State
21%
2006 LaMarcus Aldridge Texas
21%
2008 Michael Beasley Kansas State
21%
2010 Evan Turner Ohio State
16%
2009 Hasheem Thabeet UConn
16%
1981 Isiah Thomas Indiana
16%
1992 Alonzo Mourning Georgetown
11%
1980 Darrell Griffith Louisville
11%
1996 Marcus Camby UMass
11%
1998 Mike Bibby Arizona
11%
1993 Shawn Bradley BYU
11%
1999 Steve Francis Maryland
11%
2000 Stromile Swift LSU
11%
1995 Antonio McDyess Alabama
5%
1989 Danny Ferry Duke
5%
1997 Keith Van Horn Utah
5%
1991 Kenny Anderson Georgia Tech
5%
2001 Tyson Chandler High School
5%
1987 Armen Gilliam UNLV
0%
1988 Rik Smits Marist College
0%
1983 Steve Stipanovich Missouri
0%
1982 Terry Cummings DePaul
0%
1985 Wayman Tisdale Oklahoma
0%
No matching quizzes found
Score Distribution
Percent of People with Each Score
Percentile by Number Answered
Your Score History
You have not taken this quiz since the last reset